Disney Channel Shows (2005-2019) - Statistics

General Stats
  • This quiz has been taken 153 times
  • The average score is 16 of 42
Answer Stats
# Answer % Correct
16 Hannah Montana
77%
19 Jessie
77%
15 Good Luck Charlie
75%
4 Austin & Ally
74%
41 Wizards of Waverly Place
69%
33 Shake It Up
68%
3 A.N.T. Farm
65%
38 The Suite Life on Deck
64%
27 Liv & Maddie
63%
22 K.C. Undercover
61%
37 The Suite Life of Zack & Cody
59%
14 Girl Meets World
58%
34 Sonny with a Chance
58%
31 Raven's Home
57%
7 Bunk'd
53%
10 Dog with a Blog
53%
25 Lab Rats
49%
2 Andi Mack
43%
17 I Didn't Do It
43%
5 Best Friends Whenever
42%
23 Kickin' It
40%
20 Jonas
39%
35 So Random!
38%
36 Stuck in the Middle
37%
6 Bizaardvark
30%
29 Mighty Med
30%
30 Pair of Kings
28%
42 Zeke & Luther
24%
39 Sydney to the Max
19%
26 Lab Rats: Elite Force
17%
8 Coop & Cami Ask the World
16%
9 Crash & Bernstein
12%
40 Walk the Prank
12%
12 Gabby Duran & the Unsittables
10%
21 Just Roll with It
10%
24 Kirby Buckets
10%
1 Aaron Stone
6%
11 Fast Layne
6%
13 Gamer's Guide to Pretty Much Everything
5%
18 I'm in the Band
4%
28 Mech-X4
3%
32 Secrets of Sulphur Springs
3%
No matching quizzes found
Score Distribution
Percent of People with Each Score
Percentile by Number Answered
Your Score History
You have not taken this quiz